Normal view
MARC view
- TE-34
Entry Geographic Name
001 - CONTROL NUMBER
- control field: 131246
003 - CONTROL NUMBER IDENTIFIER
- control field: NUST
005 - DATE AND TIME OF LATEST TRANSACTION
- control field: 20251020123548.0
008 - FIXED-LENGTH DATA ELEMENTS
- fixed length control field: 251020|| aca||aabn | a|a d
040 ## - CATALOGING SOURCE
- Original cataloging agency: NUST
- Transcribing agency: NUST
151 ## - HEADING--GEOGRAPHIC NAME
- Geographic name: TE-34
670 ## - SOURCE DATA FOUND
- Source citation: Work cat.: (NUST)182645: Anwar , Asad Capt (TE-34) 131245, Micro-controller Based fire alarm system /, 2001
